| 000 | 00594nam a22001937a 4500 | ||
|---|---|---|---|
| 005 | 20140808123014.0 | ||
| 010 | _aENG-110489 | ||
| 020 |
_a9788190598019 _c250.00 |
||
| 035 | _aEN-94021 | ||
| 037 | _bDBAD/PUB | ||
| 082 | _a921 | ||
| 100 | _aBall, Updendra Nath | ||
| 245 |
_aRammohun Roy : _cby Upendra Nath Ball _ba study of his life, works and thoughts / |
||
| 260 |
_bBibliophil _c2009 _aKolkata |
||
| 270 |
_a206, Bidhan Sarani _bKolkata _e700006 |
||
| 300 |
_a276p. _c24cm(Hb) |
||
| 500 | _aIncludes bibliographical references and index | ||
| 942 |
_2ddc _cEN _mRAM _h921 |
||
| 999 |
_c87160 _d87160 |
||